| 000 | nam a22 7a 4500 | ||
|---|---|---|---|
| 999 |
_c127525 _d127525 |
||
| 008 | 180215b xxu||||| |||| 00| 0 eng d | ||
| 050 | _aBR-100-1 | ||
| 245 | _aThe catechism of the Catholic Church | ||
| 260 |
_aNairobi _bPaulines Publications Africa/Mambo Pree _c1994 |
||
| 300 |
_a736p. ; _c21cm. |
||
| 942 |
_2lcc _cMONOGRAPH |
||